<?xml version="1.0" encoding="UTF-8"?><?xml-stylesheet type="text/xsl" href="static/style.xsl"?><OAI-PMH xmlns="http://www.openarchives.org/OAI/2.0/" xmlns:xsi="http://www.w3.org/2001/XMLSchema-instance" xsi:schemaLocation="http://www.openarchives.org/OAI/2.0/ http://www.openarchives.org/OAI/2.0/OAI-PMH.xsd"><responseDate>2026-04-27T13:10:04Z</responseDate><request verb="GetRecord" identifier="oai:uvadoc.uva.es:10324/7124" metadataPrefix="marc">https://uvadoc.uva.es/oai/request</request><GetRecord><record><header><identifier>oai:uvadoc.uva.es:10324/7124</identifier><datestamp>2021-06-29T10:11:42Z</datestamp><setSpec>com_10324_38</setSpec><setSpec>col_10324_852</setSpec></header><metadata><record xmlns="http://www.loc.gov/MARC21/slim" xmlns:doc="http://www.lyncode.com/xoai" xmlns:xsi="http://www.w3.org/2001/XMLSchema-instance" xmlns:dcterms="http://purl.org/dc/terms/" xsi:schemaLocation="http://www.loc.gov/MARC21/slim http://www.loc.gov/standards/marcxml/schema/MARC21slim.xsd">
<leader>00925njm 22002777a 4500</leader>
<datafield tag="042" ind1=" " ind2=" ">
<subfield code="a">dc</subfield>
</datafield>
<datafield tag="720" ind1=" " ind2=" ">
<subfield code="a">Martín Virumbrales, Lourdes</subfield>
<subfield code="e">author</subfield>
</datafield>
<datafield tag="260" ind1=" " ind2=" ">
<subfield code="c">2014</subfield>
</datafield>
<datafield tag="520" ind1=" " ind2=" ">
<subfield code="a">La prevención, la detección precoz y el tratamiento de las enfermedades mentales deben plantearse con un enfoque multifactorial (físico, psíquico, social y económico). &#xd;
El Trabajo Social en Salud Mental supone una actividad organizada, cuyo objetivo es contribuir a una mejor adaptación entre los individuos que padecen una enfermedad mental y su medio social, a mantener, mejorar y restablecer el funcionamiento social, promoviendo cambios, eliminando factores patógenos que favorezcan a la enfermedad, y dotando de los recursos que sean necesarios. &#xd;
Teniendo en cuenta lo anterior, a lo largo del presente documento, se tratará de desarrollar la importancia del Trabajo Social en el ámbito de la Salud Mental.</subfield>
</datafield>
<datafield tag="024" ind2=" " ind1="8">
<subfield code="a">http://uvadoc.uva.es/handle/10324/7124</subfield>
</datafield>
<datafield ind1=" " ind2=" " tag="653">
<subfield code="a">Salud mental - Asistencia social</subfield>
</datafield>
<datafield tag="245" ind1="0" ind2="0">
<subfield code="a">Trabajo Social y salud mental. No solo psiquiatría y medicamentos</subfield>
</datafield>
</record></metadata></record></GetRecord></OAI-PMH>